00590nam a22001697a 4500003000200000005001700002008004100019020002200060050002500082100002200107245006200129260003700191300006600228504006300294650003500357650002800392020240819143212.0240819b xxu||||| |||| 00| 0 eng d a978-1-5297-3167-5 aLB 1575.5b.Z39 2024 aZbaracki, Matthew aChildren's literature in the classroom cMatthew Zbaracki aLondonbSage Publications c2024 aix, 198 pages :bcolored illustrations and picture ; c26cm.  aIncludes bibliographical references, index, and glossary.  aChildren -- Books and reading. aChildren's literature.